Visual cues : practical data visualization
Αποθηκεύτηκε σε:
| Κύριος συγγραφέας: | |
|---|---|
| Άλλοι συγγραφείς: | |
| Μορφή: | Βιβλίο |
| Γλώσσα: | English |
| Δημοσίευση: |
Los Alamitos, CA. : Piscataway, NJ :
IEEE Computer Society ; , IEEE Press,
c1993
|
| Θέματα: | |
| Ετικέτες: |
Προσθήκη ετικέτας
Δεν υπάρχουν, Καταχωρήστε ετικέτα πρώτοι!
|
MARC
| LEADER | 00000nam a2200000 i 4500 | ||
|---|---|---|---|
| 001 | 1/83614 | ||
| 008 | 990608s1993 eng d | ||
| 020 | |a 0-8186-3102-3 | ||
| 035 | |l 10051394 | ||
| 040 | |a GR-MY-UA |b gre |e aacr | ||
| 041 | 0 | |a eng | |
| 082 | 0 | |a 502.8566 | |
| 100 | 1 | |a Keller, Peter. | |
| 245 | 1 | 0 | |a Visual cues : |b practical data visualization / |c Peter R. Keller, Mary M. Keller |
| 260 | |a Los Alamitos, CA. : |a Piscataway, NJ : |b IEEE Computer Society ; , |b IEEE Press, |c c1993 | ||
| 300 | |a ix 229 p.; |b ill. (chiefly col.); |c 28 cm. | ||
| 500 | |a Includes bibliographical references and index | ||
| 650 | 0 | 0 | |a Science |x Methodology |x Handbooks, manuals, etc. |
| 650 | 0 | 0 | |a Engineering |x Methodology |x Handbooks, manuals, etc. |
| 650 | 0 | 0 | |a Visualization |x Technique |x Handbooks, manuaks, etc. |
| 650 | 0 | 0 | |a Computer graphics |x Handbooks, manuals, etc. |
| 700 | 1 | |a Keller, Mary. | |
| 852 | |a INST |b SAMOS |e 19990608 |h 502.8566 KEL |p 005300012591 |q 005300012591 |t BK |y 0 | ||
| 901 | |a BIBL3-1999-2 | ||
| 909 | |a Σ |b 065488 | ||
| 922 | |a 3ΕΛΗ |b 199812 |c ΤΠΕΣ |d ΠΑΠΑΣΩΤΗΡΙΟΥ | ||